Fr. Conceicao Rodrigues College of Engineering

Business Software Packages O-Level (Record no. 29058)

MARC details
000 -LEADER
fixed length control field 00303nam a2200133Ia 4500
082 ## - DEWEY DECIMAL CLASSIFICATION NUMBER
Classification number 5.3
Item number MEH/MEH
100 ## - MAIN ENTRY--PERSONAL NAME
Personal name Mehta/ S./ Mehta B
245 ## - TITLE STATEMENT
Title Business Software Packages O-Level
260 ## - PUBLICATION, DISTRIBUTION, ETC.
Name of publisher, distributor, etc. Galgotia
Place of publication, distribution, etc. New Delhi
Date of publication, distribution, etc. 1995
300 ## - PHYSICAL DESCRIPTION
Extent 428
546 ## - LANGUAGE NOTE
Language note ENGLISH
654 ## - SUBJECT ADDED ENTRY--FACETED TOPICAL TERMS
Focus term business
942 ## - ADDED ENTRY ELEMENTS (KOHA)
Koha item type BOOK
Holdings
Withdrawn status Lost status Damaged status Not for loan Collection Home library Current library Shelving location Date acquired Source of acquisition Cost, normal purchase price Total Checkouts Full call number Barcode Date last seen Cost, replacement price Price effective from Koha item type
        CRC Fr. Agnel's C.Rodrigues College of Engineering Fr. Agnel's C.Rodrigues College of Engineering   17/03/2023 global books 100.00   5.3 MEH/MEH 8008 17/03/2023 100.00 17/03/2023 BOOK